000 00759nam a2200193 i 4500
001 157260
003 ES-MaACL
005 20250809063526.0
008 991004s1855 be |||| | fre d
040 _aCAM
_bspa
_cCAM
100 1 _aLaurent, François,
_d1810-1887
_9128741
245 1 0 _aHistoire du droit des gens et des relations internationales.
_nIV,
_pÉtudes sur l'histoire de l'Humanité : le christianisme / par F. Laurent.
260 _aGand :
_bH. Hoste ;
_aParis :
_bA. Durand,
_c1855.
300 _aVI, 548 p. ;
_c23 cm.
650 7 _aCristianismo
_2embne
_911425
650 0 4 _aDerecho internacional-
_xHistoria.
_911719
852 _aES-MaACL
_jD-2814
_z-- Enc. hol.
_x-- Edic..T490: El nº de la serie es 4
999 _c157260
_d157260